000 00653nam a22001697a 4500
999 _c13196
_d13196
008 190212b ||||| |||| 00| 0 eng d
082 _22018
_aUT 1184
_bL17
100 _aLagaras, Cres Gerard M.
_936898
245 _aParticipation of the Community unity in the implementation of RA No. 9003 /
_cCres Gerard M. Lagaras, Hubert R. Baydo, and Zaldy E. Oding
260 _aDigos City:
_bUMDC
_cNovember 2018.
300 _a64 pages;
_c30 cm.
650 _aCriminal Justice
_vCriminology
_xUndergraduate thesis.
_936874
700 _aLagaras, Cres Gerard M.
_936898
700 _aBaydo, Hubert R.
_936899
700 _aOding, Zaldy E.
_936900
942 _2ddc
_cUT